Normal view
MARC view
- Cabrillo, Juan (Fictitious character)
Entry Topical Term
001 - CONTROL NUMBER
- control field: 12145
003 - CONTROL NUMBER IDENTIFIER
- control field: NUST
005 - DATE AND TIME OF LATEST TRANSACTION
- control field: 20180731085104.0
008 - FIXED-LENGTH DATA ELEMENTS
- fixed length control field: 180731|| aca||aabn | a|a d
040 ## - CATALOGING SOURCE
- Original cataloging agency: NUST
- Transcribing agency: NUST
150 ## - HEADING--TOPICAL TERM
- Topical term or geographic name entry element: Cabrillo, Juan (Fictitious character)
- Form subdivision: Fiction.
670 ## - SOURCE DATA FOUND
- Source citation: Work cat.: (NUST)174483: Cussler, Clive. 12104, Corsair :, 2009.
